000 00291nam a2200097Ia 4500
008 240331s9999 xx 000 0 und d
082 _bPER
100 _aPerera, S
245 0 _aStories of survivors :
_bsocio-political contexts of female headed households in pot terror Sri Lanka-Vol
942 _cL
999 _c2205
_d2205